|
|
|
|
| LEADER |
00000cam a2200000 7i4500 |
| 001 |
0000001735 |
| 005 |
20011108.0 |
| 020 |
0 |
0 |
|a 9231015079
|
| 090 |
0 |
0 |
|a 634.9
|b TRO 1978
|
| 245 |
0 |
0 |
|a TROPICAL forest ecosystems :
|b a state of knowledge report prepared by Unesco/UNEP/FAO
|
| 260 |
0 |
0 |
|a Paris :
|b Unesco ,
|c 1978
|
| 300 |
|
|
|a 683 p. ;
|c 28 cm.
|
| 650 |
0 |
0 |
|a Forests and forestry
|
| 650 |
0 |
0 |
|a Natural resources
|
| 710 |
1 |
1 |
|a Food and Agriculture Organization of the United Nations (FAO)
|
| 710 |
1 |
1 |
|a United Nations Educational, Scientific and Cultural Organization (UNESCO)
|
| 710 |
1 |
1 |
|a United Nations Environment Programme (UNEP)
|
| 998 |
|
|
|a JPSM
|
| 999 |
|
|
|a 0000002765
|b Monograph
|c Open Shelf
|e Default branch
|